[Event "Mumbai Wealth U13 op 5th"]
[Site "Mumbai"]
[Date "2020.01.05"]
[Round "7"]
[White "Marium, Fatima"]
[Black "Varun Prabhakaran, KS."]
[Result "1/2-1/2"]
[WhiteElo "1579"]
[BlackElo "1282"]
[PlyCount "164"]
[EventDate "2019.12.30"]
[EventType "swiss"]
[EventRounds "9"]
[EventCountry "IND"]
[SourceTitle "CBM 194 Extra"]
[Source "ChessBase"]
[SourceDate "2020.03.31"]
[SourceVersion "1"]
[SourceVersionDate "2020.03.31"]
[SourceQuality "1"]

1. d4 Nf6 2. Nf3 e6 3. g3 b6 4. Bg2 Bb7 5. 0-0 Be7 6. c4 0-0 7. b3 d6 8. Bb2 c5 9. Nbd2 Nc6 10. Rc1 Qc7 11. Bh3 Rfd8 12. Qc2 Nb4 13. Qb1 d5 14. a3 Nc6 15. dxc5 bxc5 16. cxd5 exd5 17. Bf5 g6 18. Bh3 d4 19. Qa1 Nd7 20. Rfe1 Bf8 21. e3 Nce5 22. Nxe5 Nxe5 23. Bf1 Qc6 24. e4 f5 25. Bc4+ Nxc4 26. Rxc4 Bg7 27. Qc1 Rac8 28. b4 fxe4 29. Nxe4 d3 30. Rxc5 d2 31. Qc4+ Qd5 32. Nxd2 Rxc5 33. bxc5 Bxb2 34. Rb1 Bc3 35. Rxb7 Bxd2 36. Qxd5+ Rxd5 37. c6 Ba5 38. c7 Bxc7 39. Rxc7 Ra5 40. Rc3 Kf7 41. Re3 Ra4 42. Kg2 h5 43. Rc3 Ke6 44. Kf3 Kd5 45. Re3 Kd6 46. Ke2 g5 47. h3 g4 48. hxg4 hxg4 49. f3 gxf3+ 50. Kxf3 Kd7 51. g4 Rc4 52. Kg3 Rc8 53. Kf4 Rf8+ 54. Kg3 Rg8 55. Re4 Kd6 56. Kh4 Kd5 57. Re7 Rh8+ 58. Kg5 Rg8+ 59. Kf5 Rf8+ 60. Kg6 a6 61. g5 Rf3 62. a4 Ra3 63. Kf6 Rxa4 64. g6 Rf4+ 65. Kg5 Rf1 66. Rf7 Rg1+ 67. Kf6 Kc4 68. Ra7 Kb5 69. g7 a5 70. Ra8 Kb4 71. g8Q Rxg8 72. Rxg8 a4 73. Ke5 Kb3 74. Kd4 a3 75. Kd3 Kb2 76. Kd2 a2 77. Rb8+ Ka1 78. Re8 Kb2 79. Rb8+ Ka1 80. Rc8 Kb2 81. Rc2+ Kb1 82. Rc1+ Kb2 1/2-1/2